000 nam a22 7a 4500
999 _c10501
_d10501
008 180217b ||||| |||| 00| 0 eng d
100 _aAggarwal,R.S.etal.
_96416
245 _aComposite Mathematics-IV
260 _aNew Delhi
_bS.Chand
_c2013